000 00855nam a2200253Ia 4500
003 OSt
005 20220927104119.0
006 a|||||r|||| 00| 0
007 ta
008 220926b |||||||| |||| 00| 0 eng d
024 _a82136
037 _cReference Collections
040 _aRTL
_cRTL
_beng
041 _2eng
_aeng
082 _a"Y:45:6.1.N85-N70, N2/UN"
110 _a"UNITED NATIONS, CENTRE FOR SOCIAL DEVELOPMENT AND HUMANITARIAN AFFAIRS"
_9364236
245 0 _aTrends in crime and criminal justice 1970-1985
260 _aNew
_bYork UN USA
_c1992
300 _a108p
_ccm.
650 _aSocial Crime
_9364237
700 _a"UNITED NATIONS, CENTRE FOR SOCIAL DEVELOPMENT AND HUMANITARIAN AFFAIRS"
_9364238
942 _h"Y:45:6.1.N85-N70, N2/UN"
_cCC
999 _c686138
_d686138